000 00297nam a2200145Ia 4500
100 _aBuford/John F.K
942 _cBK
654 _amultimedia
245 _aMultimedia systems
260 _bPearson Education
_c1994
082 _a4.65
_bBUF
300 _a451
546 _aENGLISH
999 _c24618
_d24618